Statistieken voor Top 15 Covid-19 getroffen landen - 13 april 2021

Klik hier om de quiz te nemen!

Algemene statistieken

  • Deze quiz is 2 keer genomen
  • De gemiddelde score is 19 van 28

Antwoordstatistieken

land% Correct
België
100%
Brazilië
100%
Colombia
100%
Duitsland
100%
Frankrijk
100%
India
100%
Iran
100%
Israël
100%
Italië
100%
Mexico
100%
Nederland
100%
Rusland
100%
Spanje
100%
Turkije
100%
Verenigde Staten
100%
Verenigd Koninkrijk
100%
Argentinië
50%
Hongarije
50%
Polen
50%
Portugal
50%
Tsjechië
50%
Zweden
50%
Bahrein
0%
Estland
0%
Litouwen
0%
Panama
0%
Servië
0%
Slovenië
0%

Scoreverdeling

Percentiel versus Aantal Correcte Antwoorden

Procent van Mensen met Elke Score

Uw Scoregeschiedenis

U heeft deze quiz nog niet genomen